000 00271nam a22001217a 4500
008 170622b xxu||||| |||| 00| 0 eng d
041 _aeng
080 _a32
100 _a20
101 _aSHP
245 _aFOREIGN TRADE AND U.S. POLICY
_cYEAGER.L.B
942 _2udc
_cBK
999 _c18624
_d18624